00667nam a2200181Ia 450000500170000000800410001702000150005808200130007310000170008624500490010325000080015226000380016030000130019850001590021194200060037095200940037699900150047020240813024114.0240331s9999 xx 000 0 und d a0002190044 bCOLa407 aCollins, V.H 2aA book of english idioms :bwith explanation a3rd a MadrasbOrient Longman Ltdc1956 a258 p ., ain compiling a selection of idioms, out of the thousands in the language, the natural course has been to choose those that are today in most frequent use. cL 001040708LaWERCLbWERCLcSSCd2024-03-31l0o 407 COLp728r2024-03-31w2024-03-31yL c4394d4394